<?xml version="1.0" encoding="UTF-8"?>
<record
    xmlns:xsi="http://www.w3.org/2001/XMLSchema-instance"
    xsi:schemaLocation="http://www.loc.gov/MARC21/slim http://www.loc.gov/standards/marcxml/schema/MARC21slim.xsd"
    xmlns="http://www.loc.gov/MARC21/slim">

  <leader>00825nam a2200205 i 4500</leader>
  <datafield tag="999" ind1=" " ind2=" ">
    <subfield code="c">7966</subfield>
    <subfield code="d">7966</subfield>
  </datafield>
  <controlfield tag="001">991058478168306706</controlfield>
  <controlfield tag="003">OSt</controlfield>
  <controlfield tag="005">20241128175049.0</controlfield>
  <controlfield tag="006">m     o  d |      </controlfield>
  <controlfield tag="007">cr |||||||||||</controlfield>
  <controlfield tag="008">201029s2019    sp a    ob    000 0 spa d</controlfield>
  <datafield tag="040" ind1=" " ind2=" ">
    <subfield code="a">CDMR</subfield>
    <subfield code="c">CDMR</subfield>
    <subfield code="b">cat</subfield>
  </datafield>
  <datafield tag="110" ind1=" " ind2=" ">
    <subfield code="9">4985</subfield>
    <subfield code="a">Obertament</subfield>
  </datafield>
  <datafield tag="245" ind1="1" ind2="0">
    <subfield code="a">Guia d'estil per a mitjans de comunicaci&#xF3;</subfield>
    <subfield code="b">: recomanacions per a la creaci&#xF3; de contingut &#xE8;tic i responsable sobre salut mental [recurs electr&#xF2;nic]</subfield>
    <subfield code="c">/ Coordinaci&#xF3; i redacci&#xF3;: Obertament</subfield>
  </datafield>
  <datafield tag="260" ind1=" " ind2=" ">
    <subfield code="a">Barcelona </subfield>
    <subfield code="b">: Obertament, </subfield>
    <subfield code="c">[2024]</subfield>
  </datafield>
  <datafield tag="300" ind1=" " ind2=" ">
    <subfield code="a">1 recurs electr&#xF2;nic (31 p&#xE0;gines)</subfield>
  </datafield>
  <datafield tag="650" ind1=" " ind2="0">
    <subfield code="a">Salut mental</subfield>
    <subfield code="9">4986</subfield>
    <subfield code="x">Cobertura period&#xED;stica</subfield>
  </datafield>
  <datafield tag="856" ind1=" " ind2=" ">
    <subfield code="z">Acc&#xE9;s en l&#xED;nia</subfield>
    <subfield code="u">https://www.obertament.org/wp-content/uploads/2024/03/Obertament_GuiaMitjans2024.pdf</subfield>
  </datafield>
  <datafield tag="942" ind1=" " ind2=" ">
    <subfield code="2">udc</subfield>
    <subfield code="c">RECURS_WEB</subfield>
  </datafield>
  <datafield tag="952" ind1=" " ind2=" ">
    <subfield code="0">0</subfield>
    <subfield code="1">0</subfield>
    <subfield code="4">0</subfield>
    <subfield code="7">0</subfield>
    <subfield code="a">CDMR</subfield>
    <subfield code="b">CDMR</subfield>
    <subfield code="d">2024-11-15</subfield>
    <subfield code="l">0</subfield>
    <subfield code="o">Disponible en l&#xED;nia</subfield>
    <subfield code="r">2024-11-15</subfield>
    <subfield code="w">2024-11-15</subfield>
    <subfield code="y">RECURS_WEB</subfield>
  </datafield>
</record>
